MDQL
is popping MORE tags! Check the
thread
!
Quizzes
Events
Quiz Creation
Community
Videos
Private Events
Remove Ads
Sign In
Join for FREE
Feedback
Dark Mode
Quiz Categories
Sports
Geography
Music
Movies
Television
Just For Fun
Miscellaneous
History
Literature
Language
Science
Gaming
Entertainment
Religion
Holiday
For Kids
Quiz Lab
Recent
Popular Today
Quiz Kudos Today
Editor Picks
Curator Picks
Quizzes by...
Day
Popularity
Type
Ratings
Length
Year
Community
Subscriptions
Recent Discussions
Orange Saloon
Badges
Playlists
Quests
Create
Leaderboards
Showdown
Live 5
Trivia Bingo
Activity
Puzzle Library
Sporcle Events
Private Events
Virtual Trivia
Globe League
Become a Host
Pub Owners
SporcleCon
Opinionation
Our Games
Videos
Blog
Mobile Apps
Partnerships
Remove Ads and Go Orange
Feedback
History
US Presidents
World Leaders
Politics
Nation
Discovery
War
Decade
Year
Century
Biography
Art
History
US Presidents
World Leaders
Politics
Nation
Discovery
War
Decade
Year
Century
Biography
Art
Random Quiz
Search Sporcle
×
Quiz Lab
Quiz Lab
History
University
Type in answers that appear in a list
Type in answers that appear in a list
Classic
Best Score? Go Orange.
Pennsylvania Colleges and Universities Stats
Can you name the Pennsylvania Colleges and Universities?
By
hkm1992
10m
103 Questions
775 Plays
775 Plays
775 Plays
Comments
Comments
Give Quiz Kudos
Give Quiz Kudos
-
- Ratings
hide this ad
More Info
Replay
Link that replays current quiz
Next Quiz
Link to next quiz in quiz playlist
You Got
0%
They Got
Avg Score
43%
Avg Friend Score
Upgrade to see
Score Distribution
Jump to the score distribution portion of the page
Score
0/103
Timer
10:00
0
Plays Today
Location
College/University
% Correct
Philadelphia
University of Pennsylvania
98.7%
Pittsburgh
University of Pittsburgh
96.2%
University Park
Pennsylvania State University
95.9%
Villanova
Villanova University
91.7%
Philadelphia
Temple University
87.2%
Indiana
Indiana University of Pennsylvania
85.1%
Gettysburg
Gettysburg College
82%
West Chester
West Chester University of Pennsylvania
81.8%
Scranton
University of Scranton
81.6%
Kutztown
Kutztown University
80.6%
Bloomsburg
Bloomsburg University of Pennsylvania
80.1%
Slippery Rock
Slippery Rock University
79.9%
Bryn Mawr
Bryn Mawr College
79.6%
Philadelphia
Drexel University
79.2%
Shippensburg
Shippensburg University
77.4%
California
California University of Pennsylvania
76.5%
York
York College of Pennsylvania
76.1%
Lock Haven
Lock Haven University
75.9%
Bethlehem
Lehigh University
75%
Haverford
Haverford College
73.4%
Swarthmore
Swarthmore College
71.3%
Millersvile
Millersville University
71.2%
Clarion
Clarion University
70.8%
East Stroudsburg
East Stroudsburg University
70.2%
Pittsburgh
Carnegie Mellon University
69.6%
Lewisburg
Bucknell University
68.2%
Edinboro
Edinboro University
64.6%
Lincoln University
Lincoln University
63.5%
Wilkes-
Barre
Wilkes University
63.5%
Immaculata
Immaculata University
63.4%
Grove City
Grove City College
63.3%
Pittsburgh
Duquesne University
62.1%
Mansfield
Mansfield University
60.4%
Philadelphia
Philadelphia University
60.3%
Easton
Lafayette College
60.2%
Location
College/University
% Correct
Cheyney
Cheyney University
57.8%
Elizabethtown
Elizabethtown College
57.3%
Lancaster
Franklin & Marshall College
57.2%
Philadelphia
La Salle University
57.1%
Philadelphia
Saint Joseph's University
56.7%
Carlisle
Dickinson College
51.4%
Reading
Albright College
44.9%
Moon Township
Robert Morris University
44%
Selinsgrove
Susquehanna University
43.7%
Collegeville
Ursinus College
43.7%
Rosemont
Rosemont College
42.3%
Huntingdon
Juniata College
42.2%
Chester
Widener University
41.9%
Williamsport
Lycoming College
38.4%
Wilkes-
Barre
King's College
38.3%
Loretto
Saint Francis University
38.3%
Waynesburg
Waynesburg University
38.3%
Allentown
Muhlenberg College
37.8%
Washington
Washington & Jefferson College
37.5%
Reading
Alvernia University
37.3%
Bryn Athyn
Bryn Athyn College
37%
Meadville
Allegheny College
36.9%
Erie
Gannon University
36.1%
Annville
Lebanon Valley College
35.6%
Erie
Mercyhurst College
34%
Gwynedd Valley
Gwynedd-Mercy College
33.9%
Glenside
Arcadia University
33.1%
Doylestown
Delaware Valley College
30.8%
Bethlehem
Moravian College
29.9%
Pittsburgh
Point Park University
29.5%
Philadelphia
University of the Sciences in Philadelphia
29.4%
Lancaster
Lancaster Bible College
28.8%
Grantham
Messiah College
28.8%
St. Davids
Eastern University
26.5%
Latrobe
Saint Vincent College
26.1%
Location
College/University
% Correct
Pittsburgh
Chatham University
25.7%
Center Valley
DeSales University
25.6%
Greensburg
Seton Hill University
25.1%
Philadelphia
Thomas Jefferson University
24.7%
Radnor
Cabrini College
24.1%
Dallas
Misericordia University
23.3%
Pittsburgh
Carlow University
22.4%
Philadelphia
University of the Arts
22.1%
Scranton
Marywood Univeristy
20.7%
Allentown
Cedar Crest College
19.9%
Philadelphia
Holy Family University
19%
Philadelphia
Chestnut Hill College
18.5%
New Wilmington
Westminster College
16.9%
Phoenixville
Valley Forge Christian College
16.8%
Greenville
Thiel College
16.4%
Chambersburg
Wilson College
16%
La Plume
Keystone College
15.1%
Aston
Neumann University
14.6%
Beaver Falls
Geneva College
14.5%
Bryn Mawr
Harcum College
11.6%
Pittsburgh
La Roche College
11.6%
Lancaster
Thaddeus Stevens College of Technology
9.3%
Cresson
Mount Aloysius College
9.2%
Clarks Summit
Baptist Bible College and Seminary
8.2%
Langhorne
Philadelphia Biblical University
8.2%
Philadelphia
Curtis Institute of Music
8%
Melrose Park
Gratz College
7.6%
Philadelphia
Moore College of Art & Design
7.6%
Philadelphia
Peirce College
6.1%
Summerdale
Central Pennsylvania College
5.3%
Jenkintown
Manor College
4.3%
Erdenheim
Antonelli Institute of Art and Photography
1.3%
Pittsburgh
Vet Tech Institute
0.6%
Quiz Playlist
Details
Report
Send in Message
Add To Playlist
More Info:
Community Colleges are excluded from this list.
Classic:
Type in answers that appear in a list
Quiz Source
Last Updated: Feb 16, 2017
Quiz Scoreboard
CHALLENGE
Sign Up to Join the Scoreboard
Show All
Scores
Hide
Comments
May contain spoilers
Recently Published
Image Sorting: Flags VI
by Barbecue
Geography
2m
Find the 'City' Movie
by crazypaving
Movies
60s
Colored Red Africa Blitz
by spor1
Geography
45s
More to Explore
Quiz From the Vault
Featured Blog Post
14 Easter Pick-up Lines to Find Eggs With
hide this ad
You Might Also Like...
Tags
College Quiz
University Quiz
Pennsylvania
Pennsylvania College
Today's Top Quizzes in History
Browse History
hide this ad
Today's Top Quizzes in University
Browse University
Top Contributed Quizzes in History
1
I Am Born On March 29th
2
Order Up: 1000 Years of World Events I
3
Popular People in 1951
4
US National Parks Named After People
5
Popular People in 1991
6
Popular People in 1941
7
Popular People in 1981
8
Popular People in 1921
9
Popular People in 1986
10
Popular People in 1976
Explore More
Trending Topics
Marvel
Harry Potter
Disney
Kpop
Anime
Crossword
NBA
WWE
NFL
The Office
Soccer
Pokémon
Country
Puzzle
Song
hide this ad
More By:
hkm1992
Quiz
Plays
Rating
Category
Featured
Created
Pennsylvania Colleges and Universities
775
4.33
History
Oct 16, 2010
Female Singers
128
Music
Oct 4, 2010
Current Female World Leaders
83
History
Oct 10, 2010
Go to Creator's Profile
Score Distribution
Quiz Creator Spotlight
hkm1992
Follow
Send a Message
Quizzes Created
-
Created Quiz Play Count
-
More By This Creator
Popular Quizzes Today
1
Colored Red Africa Blitz
2
Find the US States - No Outlines Minefield
3
Find the 'City' Movie
4
5x2 Blitz: Bands
5
The Countries of the World
6
Find the US States
7
Find the Countries of Europe - No Outlines Minefield
8
US States
More History Quizzes
12 to 1 Political Leaders
Curator's Pick
Trending Quizzes
Colored Red Europe Blitz I
Colored Red Europe Blitz II
Colored Red Africa Blitz II
Colored Red Europe Blitz III
Colored Red Africa Blitz III
Recently Updated
How Do You Spell That?
pecheneg
Godzilla Movies
pecheneg
Grab Bag: 4-10 Letters
pecheneg
2024 March Madness Bracket
pecheneg
Famous TV Couples
Peacemaker
Champions League XIs: Real Madrid
pecheneg
Largest US Cities 1790-2010
pecheneg
Rides in Walt Disney World
pecheneg
Most Oscar Losses (Acting)
pecheneg
Beyoncé Albums
pecheneg
Trending Topics
Harry Potter
Anime
Marvel
Kpop
Crossword
NBA
Disney
Puzzle
Pokémon
Soccer
Country
The Office
WWE
NFL
Song
Your Account Isn't Verified!
In order to create a playlist on Sporcle, you need to verify the email address you used during registration. Go to your
Sporcle Settings
to finish the process.
Report this User
Report this user for behavior that violates our
Community Guidelines
.
Details:
Send Report
Go to the Sporcle.com Mobile Site →
Comments